Yankees who hit 40 home runs or more - Statistics

General Stats
  • This quiz has been taken 266 times
  • The average score is 4 of 6
Answers on the Grid
Answers color-coded by a green-red scale on the quiz's grid according to % correct below.
Babe Ruth
Curtis Granderson
Aaron Judge
Yogi Berra
Derek Jeter
Hideki Matsui
Jason Giambi
Reggie Jackson
Don Mattingly
Tino Martinez
 
Answer Stats
Answer % Correct
Babe Ruth
96%
Aaron Judge
93%
Jason Giambi
60%
Reggie Jackson
60%
Curtis Granderson
48%
Tino Martinez
42%
No matching quizzes found
Score Distribution
Percent of People with Each Score
Percentile by Number Answered
Your Score History
You have not taken this quiz